Loading...
| Current Events | 2 | 10.00 | 100% | 0% | 0% |
| Fine Arts - Classical Music | 4 | 20.00 | 100% | 75% | 25% |
| Fine Arts - Other Fine Arts | 4 | 20.00 | 100% | 50% | 50% |
| Fine Arts - Painting and Sculpture | 6 | 10.00 | 83% | 17% | 0% |
| History - American History | 5 | 16.00 | 100% | 60% | 0% |
| History - European History | 4 | 17.50 | 100% | 50% | 25% |
| History - Other History | 2 | 5.00 | 50% | 0% | 0% |
| History - World History | 6 | 11.67 | 100% | 17% | 0% |
| Literature - American Literature | 3 | 13.33 | 100% | 33% | 0% |
| Literature - British Literature | 4 | 15.00 | 100% | 50% | 0% |
| Literature - European Literature | 6 | 11.67 | 83% | 33% | 0% |
| Literature - World Literature | 6 | 6.67 | 67% | 0% | 0% |
| Mythology | 7 | 15.71 | 100% | 43% | 14% |
| Other Academic | 1 | 10.00 | 100% | 0% | 0% |
| Philosophy | 4 | 7.50 | 75% | 0% | 0% |
| Pop Culture | 1 | 20.00 | 100% | 100% | 0% |
| Religion | 6 | 8.33 | 67% | 0% | 17% |
| Science - Biology | 3 | 13.33 | 100% | 33% | 0% |
| Science - Chemistry | 4 | 12.50 | 100% | 25% | 0% |
| Science - Other Science | 4 | 15.00 | 100% | 50% | 0% |
| Science - Physics | 4 | 12.50 | 100% | 25% | 0% |
| Social Science | 5 | 6.00 | 60% | 0% | 0% |